[Event "Oberliga Ost B 2023 2024"]
[Site "?"]
[Date "2023.10.22"]
[Round "1.1"]
[Board "1"]
[White "Mazurek, Robert"]
[Black "Galdunts, Sergey"]
[Result "1-0"]
[WhiteElo "2216"]
[BlackElo "2400"]
[PlyCount "63"]
[EventDate "2023.10.22"]
[EventType "team-tourn"]
[EventCountry "GER"]
[WhiteTeam "Gernsheim SK"]
[BlackTeam "Moerlenbach Birkenau Freibauer"]
[WhiteTeamCountry "GER"]
[BlackTeamCountry "GER"]

1. d4 Nf6 2. c4 e6 3. Nc3 d5 4. Nf3 Be7 5. g3 O-O 6. Bg2 c5 7. dxc5 Bxc5 8. O-O Nc6 9. cxd5 exd5 10. Bg5 d4 11. Bxf6 Qxf6 12. Ne4 Qe7 13. Nxc5 Qxc5 14. Rc1 Qb6 15. Qd2 Be6 16. b3 Rad8 17. Rfd1 Rfe8 18. Qb2 Bg4 19. Rd2 Bxf3 20. Bxf3 Ne5 21. Be4 Ng4 22. Bf3 Ne5 23. Be4 Qh6 24. Rcd1 Ng4 25. Bg2 Qxh2+ 26. Kf1 Qh6 27. Bxb7 Rd6 28. Rxd4 Rf6 29. Rd8 Rxf2+ 30. Ke1 Qe3 31. Rxe8+ Qxe8 32. Rc1 1-0

[Event "Oberliga Ost B 2023 2024"]
[Site "?"]
[Date "2023.10.22"]
[Round "1.1"]
[Board "2"]
[White "Legde, Georg"]
[Black "Hebbering, Tom Elliot"]
[Result "1/2-1/2"]
[WhiteElo "2298"]
[BlackElo "2230"]
[PlyCount "109"]
[EventDate "2023.10.22"]
[EventType "team-tourn"]
[EventCountry "GER"]
[WhiteTeam "Moerlenbach Birkenau Freibauer"]
[BlackTeam "Gernsheim SK"]
[WhiteTeamCountry "GER"]
[BlackTeamCountry "GER"]

1. d4 d5 2. c4 c6 3. Nf3 Nf6 4. Nc3 e6 5. Bg5 dxc4 6. e4 b5 7. a4 Bb4 8. e5 h6 9. exf6 hxg5 10. fxg7 Rg8 11. g3 Bb7 12. Bg2 c5 13. O-O g4 14. Ne5 Bxg2 15. Kxg2 cxd4 16. Qxg4 Bxc3 17. Qh5 Qf6 18. bxc3 Rxg7 19. cxd4 Rg5 20. Qe2 Nd7 21. f4 Rg8 22. Qe4 Qd8 23. Nxd7 Kxd7 24. axb5 Ke7 25. Ra6 Kf8 26. f5 exf5 27. Qxf5 Qe7 28. Rf6 Rg7 29. Rc6 Rd8 30. Qc5 Qxc5 31. dxc5 Rd2+ 32. Rf2 c3 33. b6 axb6 34. cxb6 Rb2 35. Rxc3 Rxb6 36. Rc7 Rg8 37. Rf4 Rb2+ 38. Rf2 Rxf2+ 39. Kxf2 Rg4 40. Kf3 Ra4 41. Re7 Kg7 42. h4 Kg6 43. Re8 f6 44. Re4 Ra5 45. Rg4+ Kf7 46. Rb4 Kg6 47. g4 Re5 48. Kf4 Ra5 49. h5+ Kg7 50. Rb7+ Kg8 51. h6 Rg5 52. Rb8+ Kh7 53. Rf8 Rg6 54. Kf5 Rg5+ 55. Kf4 1/2-1/2

[Event "Oberliga Ost B 2023 2024"]
[Site "?"]
[Date "2023.10.22"]
[Round "1.1"]
[Board "3"]
[White "Braun, Vitali"]
[Black "Boehmer, Christian"]
[Result "1-0"]
[WhiteElo "2340"]
[BlackElo "2178"]
[PlyCount "85"]
[EventDate "2023.10.22"]
[EventType "team-tourn"]
[EventCountry "GER"]
[WhiteTeam "Gernsheim SK"]
[BlackTeam "Moerlenbach Birkenau Freibauer"]
[WhiteTeamCountry "GER"]
[BlackTeamCountry "GER"]

1. d4 d5 2. c4 e6 3. Nc3 c6 4. e4 Bb4 5. e5 c5 6. a3 Bxc3+ 7. bxc3 Nc6 8. Nf3 Nge7 9. Be3 cxd4 10. cxd4 dxc4 11. Bxc4 b5 12. Bd3 Bb7 13. O-O a6 14. Ng5 Ng6 15. Ne4 O-O 16. Nd6 Qd7 17. f4 Nce7 18. Qg4 f5 19. Qe2 Nc8 20. Nxb7 Qxb7 21. a4 b4 22. Bc4 Re8 23. Qa2 Nf8 24. d5 Nb6 25. Bxb6 Qxb6+ 26. Kh1 Rab8 27. a5 Qb7 28. dxe6 Kh8 29. Rab1 Qe7 30. Rfd1 Rbd8 31. Qb3 Rxd1+ 32. Rxd1 Qc5 33. Qa4 Rb8 34. Bb3 g5 35. fxg5 f4 36. Rf1 Ng6 37. Qa1 Rb5 38. Qd1 Qe7 39. Qd6 Rxa5 40. h4 Rxe5 41. Qxe7 Nxe7 42. Rxf4 a5 43. Rf8+ 1-0

[Event "Oberliga Ost B 2023 2024"]
[Site "?"]
[Date "2023.10.22"]
[Round "1.1"]
[Board "4"]
[White "Schneider, Heiko"]
[Black "Mueller, Maximilian"]
[Result "1/2-1/2"]
[WhiteElo "2158"]
[BlackElo "2301"]
[PlyCount "64"]
[EventDate "2023.10.22"]
[EventType "team-tourn"]
[EventCountry "GER"]
[WhiteTeam "Moerlenbach Birkenau Freibauer"]
[BlackTeam "Gernsheim SK"]
[WhiteTeamCountry "GER"]
[BlackTeamCountry "GER"]

1. e4 c5 2. Nf3 a6 3. c3 e6 4. d4 d5 5. e5 Bd7 6. Be2 cxd4 7. cxd4 Bb5 8. Nc3 Bxe2 9. Qxe2 Bb4 10. O-O Ne7 11. Bg5 Bxc3 12. bxc3 Qc7 13. Rfb1 Nbc6 14. c4 dxc4 15. Qxc4 Rd8 16. Bxe7 Qxe7 17. Rb6 O-O 18. Rab1 Na5 19. Qc3 Rd5 20. h3 Qd7 21. Rc1 Rd8 22. Kh2 h6 23. Rc2 Qe7 24. Qb2 R8d7 25. Rc8+ Rd8 26. Rc2 g6 27. Kg1 Kg7 28. Rc1 R8d7 29. Rc2 Qd8 30. Kh2 Rc7 31. Rxc7 Qxc7 32. Qb4 Nc6 1/2-1/2

[Event "Oberliga Ost B 2023 2024"]
[Site "?"]
[Date "2023.10.22"]
[Round "1.1"]
[Board "5"]
[White "Peterson, Emery"]
[Black "Aranifar, Babak"]
[Result "1-0"]
[WhiteElo "2167"]
[BlackElo "1942"]
[PlyCount "65"]
[EventDate "2023.10.22"]
[EventType "team-tourn"]
[EventCountry "GER"]
[WhiteTeam "Gernsheim SK"]
[BlackTeam "Moerlenbach Birkenau Freibauer"]
[WhiteTeamCountry "GER"]
[BlackTeamCountry "GER"]

1. d4 Nf6 2. c4 e6 3. Nc3 Bb4 4. e3 d5 5. Nf3 O-O 6. Qc2 c5 7. Bd2 cxd4 8. exd4 b6 9. Be2 dxc4 10. O-O Bb7 11. Rad1 Bxc3 12. bxc3 Qd5 13. Rfe1 b5 14. Rb1 Ne4 15. Bc1 Nd7 16. Bf1 f5 17. Re2 Rf6 18. Ne1 f4 19. f3 Nd6 20. g4 g5 21. h4 gxh4 22. Rh2 Qg5 23. Qf2 e5 24. Rxh4 e4 25. Rh5 Qg6 26. Rbxb5 Nxb5 27. Bxc4+ Kh8 28. Bxb5 Nb6 29. Qh4 Raf8 30. d5 Bxd5 31. c4 Bxc4 32. Bb2 Bxb5 33. Rh6 1-0

[Event "Oberliga Ost B 2023 2024"]
[Site "?"]
[Date "2023.10.22"]
[Round "1.1"]
[Board "6"]
[White "Schaefer, Michael"]
[Black "Borchert, Rene"]
[Result "0-1"]
[WhiteElo "2032"]
[BlackElo "2226"]
[PlyCount "102"]
[EventDate "2023.10.22"]
[EventType "team-tourn"]
[EventCountry "GER"]
[WhiteTeam "Moerlenbach Birkenau Freibauer"]
[BlackTeam "Gernsheim SK"]
[WhiteTeamCountry "GER"]
[BlackTeamCountry "GER"]

1. d4 e6 2. e4 d5 3. e5 c5 4. c3 Nc6 5. Nf3 Qb6 6. a3 Bd7 7. b4 cxd4 8. cxd4 Nge7 9. Nc3 Nf5 10. Na4 Qc7 11. Nc5 Bxc5 12. bxc5 Ncxd4 13. Nxd4 Qxe5+ 14. Be3 Nxe3 15. fxe3 Qxe3+ 16. Be2 Qc3+ 17. Kf1 Qxc5 18. h4 O-O 19. h5 h6 20. Rc1 Qd6 21. Rb1 e5 22. Nc2 b6 23. Nb4 d4 24. Bg4 f5 25. Be2 Rac8 26. Ba6 Rc3 27. Rh3 Rxh3 28. gxh3 e4 29. Rb2 f4 30. Rg2 f3 31. Rg6 Qh2 32. Rxg7+ Kxg7 33. Qxd4+ Rf6 34. Qxd7+ Rf7 35. Qd4+ Kg8 36. Qg1+ Qxg1+ 37. Kxg1 Rc7 38. Kf2 Rc3 39. Bb7 e3+ 40. Kxf3 Rxa3 41. Nc2 e2+ 42. Kxe2 Rxh3 43. Bf3 Kg7 44. Ne3 Kf6 45. Bg4 Rh2+ 46. Kd3 Kg5 47. Bd1 b5 48. Nc2 Rh1 49. Be2 a5 50. Nd4 b4 51. Nc6 b3 0-1

[Event "Oberliga Ost B 2023 2024"]
[Site "?"]
[Date "2023.10.22"]
[Round "1.1"]
[Board "7"]
[White "Schupp, Uwe"]
[Black "Wohlfart, Paulus"]
[Result "0-1"]
[WhiteElo "2071"]
[BlackElo "2090"]
[PlyCount "66"]
[EventDate "2023.10.22"]
[EventType "team-tourn"]
[EventCountry "GER"]
[WhiteTeam "Gernsheim SK"]
[BlackTeam "Moerlenbach Birkenau Freibauer"]
[WhiteTeamCountry "GER"]
[BlackTeamCountry "GER"]

1. Nf3 d5 2. g3 Nc6 3. c4 d4 4. d3 e5 5. Bg2 Nf6 6. O-O Be7 7. Na3 Bxa3 8. bxa3 O-O 9. Rb1 Rb8 10. Qb3 a6 11. e3 Nd7 12. exd4 exd4 13. Qc2 Nc5 14. Bf4 Bf5 15. Rfd1 Qd7 16. Nh4 Bg4 17. Re1 Rbe8 18. h3 Be6 19. Kh2 h6 20. Bd2 g5 21. Nf3 Bf5 22. Bf1 a5 23. h4 f6 24. Rxe8 Rxe8 25. Re1 Bg6 26. Rxe8+ Bxe8 27. Qd1 Bh5 28. Be2 Qf5 29. Nxd4 Qxf2+ 30. Kh1 Bxe2 31. Qxe2 Qxd4 32. Qe8+ Kg7 33. Be3 Qd7 0-1

[Event "Oberliga Ost B 2023 2024"]
[Site "?"]
[Date "2023.10.22"]
[Round "1.1"]
[Board "8"]
[White "Schiffer, Steve"]
[Black "Rosenberger, Frank"]
[Result "0-1"]
[WhiteElo "2072"]
[BlackElo "2039"]
[PlyCount "96"]
[EventDate "2023.10.22"]
[EventType "team-tourn"]
[EventCountry "GER"]
[WhiteTeam "Moerlenbach Birkenau Freibauer"]
[BlackTeam "Gernsheim SK"]
[WhiteTeamCountry "GER"]
[BlackTeamCountry "GER"]

1. e4 e6 2. d4 d5 3. Nc3 Bb4 4. e5 c5 5. a3 Bxc3+ 6. bxc3 Qc7 7. Bb5+ Bd7 8. Bxd7+ Nxd7 9. Ne2 Rc8 10. Ra2 Nb6 11. a4 Nc4 12. O-O Ne7 13. Ng3 g6 14. Bh6 Rg8 15. Qg4 Qa5 16. Ne2 Nf5 17. Bc1 h5 18. Qf3 Qb6 19. Be3 Qc7 20. Rd1 b6 21. Bg5 Qc6 22. h3 cxd4 23. cxd4 Qd7 24. g4 hxg4 25. hxg4 Ne7 26. Qf6 Nc6 27. c3 Qe7 28. Qf4 Qc7 29. Bf6 Kd7 30. Kg2 Rcf8 31. Rh1 Kc8 32. Rh7 N4a5 33. Rd2 Nb7 34. c4 Nb4 35. cxd5 Nxd5 36. Qe4 Nxf6 37. exf6 Kb8 38. Rc2 Qd7 39. Nf4 Nd6 40. Qe5 Rc8 41. Rxc8+ Kxc8 42. d5 exd5 43. f3 Re8 44. Qxd5 Qc7 45. Rh1 g5 46. Qxg5 Qc2+ 47. Kg3 Re3 48. Qd5 Ne4+ 0-1

[Event "Oberliga Ost B 2023 2024"]
[Site "?"]
[Date "2023.10.22"]
[Round "1.2"]
[Board "1"]
[White "Haack, Kevin"]
[Black "Poetsch, Hagen"]
[Result "1/2-1/2"]
[WhiteElo "2283"]
[BlackElo "2470"]
[PlyCount "109"]
[EventDate "2023.10.22"]
[EventType "team-tourn"]
[EventCountry "GER"]
[WhiteTeam "Hofheim SV II"]
[BlackTeam "Heusenstamm SC"]
[WhiteTeamCountry "GER"]
[BlackTeamCountry "GER"]

1. d4 Nf6 2. Nf3 d5 3. c4 e6 4. g3 Bb4+ 5. Nbd2 dxc4 6. Bg2 O-O 7. Qc2 b5 8. a4 c6 9. axb5 Qb6 10. bxc6 Nxc6 11. O-O Bxd2 12. Bxd2 a5 13. e4 Bb7 14. e5 Nd5 15. Qe4 Nce7 16. Ng5 Ng6 17. h4 Qxb2 18. Bxa5 c3 19. Rfb1 Ndf4 20. Qxb7 Ne2+ 21. Kh2 Qxb7 22. Rxb7 Rxa5 23. h5 Nxe5 24. dxe5 Rxe5 25. f4 Rc5 26. Bf3 Nd4 27. Kg2 c2 28. Rc1 Rc3 29. Rb4 Rd8 30. Ne4 Rcc8 31. Nf2 f5 32. Bb7 Rc3 33. Ba6 Kf8 34. Bd3 Nb3 35. Rxb3 Rxb3 36. Rxc2 Rbxd3 37. Nxd3 Rxd3 38. Rc7 h6 39. Ra7 Rd2+ 40. Kg1 Re2 41. Rb7 Rd2 42. Ra7 Rd8 43. Kg2 Re8 44. Kh3 Re7 45. Ra8+ Kf7 46. Ra5 Kf6 47. Ra6 Rd7 48. Kg2 Rd2+ 49. Kh3 Re2 50. Rb6 g5 51. hxg6 Kxg6 52. Rb8 Re3 53. Ra8 e5 54. Ra6+ Kf7 55. fxe5 1/2-1/2

[Event "Oberliga Ost B 2023 2024"]
[Site "?"]
[Date "2023.10.22"]
[Round "1.2"]
[Board "2"]
[White "Zuyev, Igor"]
[Black "Zude, Erik"]
[Result "1/2-1/2"]
[WhiteElo "2455"]
[BlackElo "2381"]
[PlyCount "23"]
[EventDate "2023.10.22"]
[EventType "team-tourn"]
[EventCountry "GER"]
[WhiteTeam "Heusenstamm SC"]
[BlackTeam "Hofheim SV II"]
[WhiteTeamCountry "GER"]
[BlackTeamCountry "GER"]

1. e4 e5 2. Nf3 Nc6 3. d4 exd4 4. Bc4 Nf6 5. e5 d5 6. Bb5 Nd7 7. Bxc6 bxc6 8. Qxd4 Be7 9. O-O O-O 10. Nc3 Nb6 11. Bf4 Bf5 12. Qd1 1/2-1/2

[Event "Oberliga Ost B 2023 2024"]
[Site "?"]
[Date "2023.10.22"]
[Round "1.2"]
[Board "3"]
[White "Brendel, Oliver"]
[Black "Solonar, Stefan"]
[Result "1/2-1/2"]
[WhiteElo "2316"]
[BlackElo "2264"]
[PlyCount "98"]
[EventDate "2023.10.22"]
[EventType "team-tourn"]
[EventCountry "GER"]
[WhiteTeam "Hofheim SV II"]
[BlackTeam "Heusenstamm SC"]
[WhiteTeamCountry "GER"]
[BlackTeamCountry "GER"]

1. e4 c5 2. Nf3 Nc6 3. d4 cxd4 4. Nxd4 e5 5. Nxc6 bxc6 6. Qh5 d6 7. Bc4 Qf6 8. Nc3 Qg6 9. Qf3 Nf6 10. h3 Be7 11. Be3 O-O 12. O-O-O Be6 13. Bb3 a5 14. Qg3 Qxg3 15. fxg3 a4 16. Bxe6 fxe6 17. a3 d5 18. Bg5 h6 19. Bxf6 gxf6 20. g4 Bc5 21. Rhf1 Be3+ 22. Kb1 d4 23. Rf3 Bg5 24. Na2 c5 25. c4 Kf7 26. Nc1 Ke7 27. Nd3 Kd6 28. Nf2 Rab8 29. g3 Rb3 30. Rxb3 axb3 31. Rd3 Rb8 32. h4 Be3 33. Nd1 Bg1 34. Nc3 Ke7 35. Na4 Kd6 36. Nc3 Bf2 37. Nb5+ Ke7 38. Rxb3 Rg8 39. a4 Be1 40. Nc7 Rxg4 41. Rb7 f5 42. Na6+ Kf6 43. exf5 d3 44. fxe6 d2 45. Rd7 Kxe6 46. Nxc5+ Kf5 47. Nb3 Rxc4 48. Nxd2 Rxa4 49. Nf1 Kg4 1/2-1/2

[Event "Oberliga Ost B 2023 2024"]
[Site "?"]
[Date "2023.10.22"]
[Round "1.2"]
[Board "4"]
[White "Klundt, Klaus"]
[Black "Burkart, Patrick"]
[Result "1/2-1/2"]
[WhiteElo "2288"]
[BlackElo "2317"]
[PlyCount "37"]
[EventDate "2023.10.22"]
[EventType "team-tourn"]
[EventCountry "GER"]
[WhiteTeam "Heusenstamm SC"]
[BlackTeam "Hofheim SV II"]
[WhiteTeamCountry "GER"]
[BlackTeamCountry "GER"]

1. e4 c5 2. Nf3 d6 3. d4 cxd4 4. Nxd4 Nf6 5. Nc3 a6 6. Bc4 e6 7. Bb3 b5 8. O-O Be7 9. Qf3 Qc7 10. Qg3 Rg8 11. Re1 Nbd7 12. Nxe6 fxe6 13. Bxe6 Kf8 14. Bxg8 Kxg8 15. Bh6 Bf8 16. Rad1 Bb7 17. a3 Re8 18. f3 Ne5 19. Bg5 1/2-1/2

[Event "Oberliga Ost B 2023 2024"]
[Site "?"]
[Date "2023.10.22"]
[Round "1.2"]
[Board "5"]
[White "Rieseler, Caroline"]
[Black "Roeschlau, Bernd"]
[Result "1/2-1/2"]
[WhiteElo "2107"]
[BlackElo "2220"]
[PlyCount "116"]
[EventDate "2023.10.22"]
[EventType "team-tourn"]
[EventCountry "GER"]
[WhiteTeam "Hofheim SV II"]
[BlackTeam "Heusenstamm SC"]
[WhiteTeamCountry "GER"]
[BlackTeamCountry "GER"]

1. e4 e5 2. Nf3 Nf6 3. Nxe5 d6 4. Nf3 Nxe4 5. d4 d5 6. Bd3 Bd6 7. O-O O-O 8. c4 c6 9. Nc3 Nxc3 10. bxc3 dxc4 11. Bxc4 Bf5 12. Re1 Nd7 13. Bg5 Qa5 14. Qd2 Nb6 15. Bb3 Nd5 16. Ne5 Qxc3 17. Qxc3 Nxc3 18. Nc4 Bc7 19. Re7 Nd5 20. Ree1 Rfe8 21. g3 h6 22. Bd2 Rxe1+ 23. Rxe1 a5 24. a4 Be6 25. Ne3 Nxe3 26. Rxe3 Bb6 27. Bxe6 fxe6 28. Rb3 Ra6 29. Kf1 Kf7 30. Ke2 Ke7 31. Kd3 Kd6 32. Ke4 c5 33. dxc5+ Kxc5 34. Rf3 Kc6 35. Rf7 Bc5 36. Bf4 b5 37. axb5+ Kxb5 38. Rxg7 Bxf2 39. Bxh6 e5 40. Rb7+ Kc4 41. Bg7 a4 42. Bxe5 a3 43. Rb1 a2 44. Rf1 Re6 45. g4 Bh4 46. Kf5 Re8 47. g5 Bxg5 48. Kxg5 Rxe5+ 49. Kg6 Re6+ 50. Kg5 Re2 51. h4 Rg2+ 52. Kh6 Kb3 53. h5 Kb2 54. Kh7 a1=Q 55. Rxa1 Kxa1 56. h6 Kb2 57. Kh8 Rg6 58. h7 Kc3 1/2-1/2

[Event "Oberliga Ost B 2023 2024"]
[Site "?"]
[Date "2023.10.22"]
[Round "1.2"]
[Board "6"]
[White "Flach, Erich"]
[Black "Engel, Berthold"]
[Result "1/2-1/2"]
[WhiteElo "2070"]
[BlackElo "2074"]
[PlyCount "52"]
[EventDate "2023.10.22"]
[EventType "team-tourn"]
[EventCountry "GER"]
[WhiteTeam "Heusenstamm SC"]
[BlackTeam "Hofheim SV II"]
[WhiteTeamCountry "GER"]
[BlackTeamCountry "GER"]

1. c4 e6 2. Nc3 Bb4 3. Qc2 Nf6 4. g3 O-O 5. Bg2 c6 6. Nf3 d5 7. O-O Nbd7 8. b3 Qe7 9. d4 h6 10. Bb2 Ba3 11. Rfe1 Bxb2 12. Qxb2 b6 13. e4 dxe4 14. Nxe4 Nxe4 15. Rxe4 Bb7 16. Re2 Rfd8 17. Rd1 Qf6 18. Nd2 Rab8 19. Ne4 Qe7 20. Nc3 Qf6 21. Qa3 c5 22. Ne4 Bxe4 23. Rxe4 a5 24. Qc1 cxd4 25. Rf4 Qe7 26. Rfxd4 Nc5 1/2-1/2

[Event "Oberliga Ost B 2023 2024"]
[Site "?"]
[Date "2023.10.22"]
[Round "1.2"]
[Board "7"]
[White "Burkart, Lloyd Shang"]
[Black "Hoti, Safet"]
[Result "1/2-1/2"]
[WhiteElo "2027"]
[BlackElo "2063"]
[PlyCount "40"]
[EventDate "2023.10.22"]
[EventType "team-tourn"]
[EventCountry "GER"]
[WhiteTeam "Hofheim SV II"]
[BlackTeam "Heusenstamm SC"]
[WhiteTeamCountry "GER"]
[BlackTeamCountry "GER"]

1. d4 g6 2. Nf3 Bg7 3. c4 Nf6 4. Nc3 d5 5. e3 b6 6. cxd5 Nxd5 7. Bc4 Nxc3 8. bxc3 O-O 9. O-O c5 10. dxc5 Qxd1 11. Rxd1 Bxc3 12. Rb1 Bf5 13. Rb3 Ba5 14. Bd5 Bc2 15. Rbd3 Bxd3 16. Rxd3 Nc6 17. Bxc6 Rac8 18. Ba4 Rxc5 19. Ba3 Rc7 20. Bb3 Rfc8 1/2-1/2

[Event "Oberliga Ost B 2023 2024"]
[Site "?"]
[Date "2023.10.22"]
[Round "1.2"]
[Board "8"]
[White "Vechorkin, Oleksii"]
[Black "Vihan, Shourya"]
[Result "0-1"]
[WhiteElo "2036"]
[BlackElo "2023"]
[PlyCount "116"]
[EventDate "2023.10.22"]
[EventType "team-tourn"]
[EventCountry "GER"]
[WhiteTeam "Heusenstamm SC"]
[BlackTeam "Hofheim SV II"]
[WhiteTeamCountry "GER"]
[BlackTeamCountry "GER"]

1. d4 d5 2. Nf3 Nf6 3. c4 e6 4. g3 Be7 5. Bg2 O-O 6. O-O dxc4 7. Qc2 a6 8. a4 Bd7 9. Ne5 Bc6 10. Nxc6 Nxc6 11. Bxc6 bxc6 12. Rd1 Qd5 13. Nc3 Qh5 14. e4 Rfd8 15. Bf4 Rac8 16. Kg2 c5 17. dxc5 Bxc5 18. f3 e5 19. g4 Qg6 20. Bxe5 Bd6 21. Bxd6 Rxd6 22. h4 Nxg4 23. Rxd6 Ne3+ 24. Kh1 Nxc2 25. Rxg6 hxg6 26. Rc1 Nb4 27. Nd5 Nxd5 28. exd5 Rd8 29. Rxc4 Rxd5 30. Rxc7 Rd4 31. Rc8+ Kh7 32. b3 Rxh4+ 33. Kg2 Rb4 34. Rc6 Rxb3 35. Rxa6 g5 36. a5 Ra3 37. Ra7 Kg6 38. a6 f6 39. Kg3 f5 40. Kg2 f4 41. Ra8 Ra2+ 42. Kh3 Rf2 43. a7 Rxf3+ 44. Kg2 Ra3 45. Kg1 Ra2 46. Kh1 Kf7 47. Kg1 g4 48. Rh8 Rxa7 49. Rh4 Kf6 50. Rxg4 g5 51. Rg2 Kf5 52. Rb2 Ra3 53. Kf2 Kg4 54. Rc2 Rh3 55. Rc5 Rh2+ 56. Kg1 Ra2 57. Kf1 f3 58. Kg1 Kf4 0-1

[Event "Oberliga Ost B 2023 2024"]
[Site "?"]
[Date "2023.10.22"]
[Round "1.3"]
[Board "1"]
[White "Sadeghi, Behrang"]
[Black "Dolzhykova, Kateryna"]
[Result "1/2-1/2"]
[WhiteElo "2234"]
[BlackElo "2336"]
[PlyCount "143"]
[EventDate "2023.10.22"]
[EventType "team-tourn"]
[EventCountry "GER"]
[WhiteTeam "Homburg Bad SK"]
[BlackTeam "Oberursel SV"]
[WhiteTeamCountry "GER"]
[BlackTeamCountry "GER"]

1. d4 Nf6 2. Nc3 d5 3. Bf4 a6 4. e3 Bf5 5. Bd3 Bg6 6. g4 e6 7. h4 c5 8. f3 Qb6 9. h5 Bxd3 10. Qxd3 Qxb2 11. Rb1 Qa3 12. Nxd5 Qa5+ 13. Qc3 Qxc3+ 14. Nxc3 cxd4 15. exd4 Nc6 16. Nge2 Bb4 17. Kf2 O-O-O 18. g5 Ne8 19. Ne4 f5 20. gxf6 gxf6 21. c3 Be7 22. h6 Nc7 23. Bxc7 Kxc7 24. Nf4 Kc8 25. Nxe6 Rd5 26. N4c5 Na5 27. a4 Re8 28. Ng7 Red8 29. Nge6 Re8 30. Ng7 Red8 31. Nge6 Re8 32. Rbe1 Bd6 33. Re4 Rg8 34. Rg4 Rxg4 35. fxg4 Nc4 36. Rb1 b6 37. Ne4 Be7 38. Nf4 Ra5 39. Ke2 Rxa4 40. Nd5 Ra2+ 41. Kd3 Nb2+ 42. Rxb2 Rxb2 43. Nxe7+ Kd8 44. Nc6+ Kc7 45. Nb4 Rh2 46. Nxa6+ Kb7 47. Nb4 Rxh6 48. Nd5 Rh3+ 49. Kc4 h5 50. gxh5 f5 51. Nef6 Kc6 52. Nf4 b5+ 53. Kb3 Rh1 54. Kc2 Kd6 55. Kd2 Rh2+ 56. Ke3 Ke7 57. N6d5+ Kf7 58. Nc7 Rb2 59. Nd3 Rh2 60. Nxb5 Rh3+ 61. Ke2 Rh2+ 62. Nf2 Ke6 63. c4 Rxh5 64. Ke3 Rh2 65. d5+ Kf6 66. Nd3 Rh4 67. Nd4 Re4+ 68. Kd2 Rxd4 69. Kc3 Re4 70. Nf2 Rh4 71. Nd3 Re4 72. Nf2 1/2-1/2

[Event "Oberliga Ost B 2023 2024"]
[Site "?"]
[Date "2023.10.22"]
[Round "1.3"]
[Board "2"]
[White "Heinz, Axel"]
[Black "Lesny, Florian"]
[Result "1/2-1/2"]
[WhiteElo "2435"]
[BlackElo "2222"]
[PlyCount "103"]
[EventDate "2023.10.22"]
[EventType "team-tourn"]
[EventCountry "GER"]
[WhiteTeam "Oberursel SV"]
[BlackTeam "Homburg Bad SK"]
[WhiteTeamCountry "GER"]
[BlackTeamCountry "GER"]

1. e4 c5 2. Nf3 d6 3. d4 cxd4 4. Nxd4 Nf6 5. Nc3 a6 6. Be2 e5 7. Nb3 Be7 8. Bg5 Be6 9. Bxf6 Bxf6 10. Qd3 Qc7 11. O-O-O Be7 12. Nd5 Bxd5 13. Qxd5 Nd7 14. Kb1 O-O 15. Nd2 b5 16. Nf1 Rfd8 17. Ne3 Rac8 18. Bg4 Nf6 19. Qd3 Nxg4 20. Nxg4 Qc4 21. Ne3 Qxd3 22. Rxd3 Rc6 23. Nd5 Kf8 24. c3 Rc4 25. Re1 Rb8 26. b3 Rc6 27. Kb2 a5 28. Red1 Rb7 29. Ra1 a4 30. Rad1 Ra7 31. b4 Bg5 32. g3 Rd7 33. h4 Bd8 34. R3d2 Bb6 35. Kc2 Ba7 36. h5 Rc4 37. f3 h6 38. Rh1 Rd8 39. Kd3 Re8 40. Re2 f6 41. Rf1 Kf7 42. g4 Rf8 43. f4 Ke8 44. Rg2 Rf7 45. Rg3 Kf8 46. Rgf3 Kg8 47. Rg3 Kf8 48. Rg2 Kg8 49. Rf3 Kf8 50. Re2 Kg8 51. Rh3 Rc8 52. Rf3 1/2-1/2

[Event "Oberliga Ost B 2023 2024"]
[Site "?"]
[Date "2023.10.22"]
[Round "1.3"]
[Board "3"]
[White "Wolf, Ulrich Martin"]
[Black "Michaelsen, Nils"]
[Result "1/2-1/2"]
[WhiteElo "2198"]
[BlackElo "2397"]
[PlyCount "102"]
[EventDate "2023.10.22"]
[EventType "team-tourn"]
[EventCountry "GER"]
[WhiteTeam "Homburg Bad SK"]
[BlackTeam "Oberursel SV"]
[WhiteTeamCountry "GER"]
[BlackTeamCountry "GER"]

1. d4 d5 2. c4 c6 3. Nc3 Nf6 4. Nf3 dxc4 5. a4 Bf5 6. e3 e6 7. Bxc4 Bb4 8. O-O Nbd7 9. Qe2 Bg6 10. Rd1 Qc7 11. Bd2 a5 12. Rac1 O-O 13. h3 h6 14. Be1 Rad8 15. Bb3 Rfe8 16. Nd2 e5 17. Qf3 exd4 18. exd4 Nb6 19. Nf1 Qd7 20. Ne3 Ne4 21. Qg4 Qxg4 22. hxg4 Nf6 23. Kf1 Rd7 24. Ne2 Bxe1 25. Kxe1 Nfd5 26. Nxd5 Nxd5 27. Kf1 Rde7 28. Ng3 Nb4 29. Bc4 Bc2 30. Nf5 Re4 31. f3 Bxd1 32. fxe4 Bxg4 33. Nd6 Re7 34. Rc3 Be6 35. Be2 f6 36. Rc5 b6 37. Rc3 Rd7 38. e5 fxe5 39. dxe5 Re7 40. Bf3 Bd5 41. Nc8 Rxe5 42. Nxb6 Bxf3 43. Rxf3 Rc5 44. b3 Rc1+ 45. Kf2 Rc2+ 46. Kf1 c5 47. Nc4 Nc6 48. Rd3 Rc1+ 49. Kf2 Rc2+ 50. Kf1 Rc1+ 51. Kf2 Rc2+ 1/2-1/2

[Event "Oberliga Ost B 2023 2024"]
[Site "?"]
[Date "2023.10.22"]
[Round "1.3"]
[Board "4"]
[White "Margolin, Boris"]
[Black "Schmidt, Walter"]
[Result "1/2-1/2"]
[WhiteElo "2386"]
[BlackElo "2200"]
[PlyCount "56"]
[EventDate "2023.10.22"]
[EventType "team-tourn"]
[EventCountry "GER"]
[WhiteTeam "Oberursel SV"]
[BlackTeam "Homburg Bad SK"]
[WhiteTeamCountry "GER"]
[BlackTeamCountry "GER"]

1. e4 c5 2. Nf3 Nc6 3. Bc4 e6 4. Qe2 a6 5. c3 Be7 6. Bb3 d5 7. d3 Nf6 8. e5 Nd7 9. d4 O-O 10. O-O f6 11. exf6 Nxf6 12. Rd1 Bd6 13. dxc5 Bxc5 14. Be3 Bd6 15. c4 Na5 16. Nc3 dxc4 17. Bxc4 Nxc4 18. Qxc4 Qe7 19. Bg5 Rd8 20. a4 Bd7 21. Qe2 Rac8 22. Ne4 Bc6 23. Nxd6 Rxd6 24. Nd4 Qd7 25. Bf4 Rd5 26. Qxe6+ Qxe6 27. Nxe6 Rxd1+ 28. Rxd1 Bxa4 1/2-1/2

[Event "Oberliga Ost B 2023 2024"]
[Site "?"]
[Date "2023.10.22"]
[Round "1.3"]
[Board "5"]
[White "Erdmann, Stefan"]
[Black "Weber, Samuel"]
[Result "1/2-1/2"]
[WhiteElo "2066"]
[BlackElo "2267"]
[PlyCount "131"]
[EventDate "2023.10.22"]
[EventType "team-tourn"]
[EventCountry "GER"]
[WhiteTeam "Homburg Bad SK"]
[BlackTeam "Oberursel SV"]
[WhiteTeamCountry "GER"]
[BlackTeamCountry "GER"]

1. d4 Nf6 2. c4 e6 3. g3 Bb4+ 4. Bd2 a5 5. Bg2 Nc6 6. Nf3 O-O 7. O-O Bxd2 8. Nbxd2 d6 9. Qc2 Qe7 10. a3 a4 11. Rac1 e5 12. d5 Nb8 13. c5 Bd7 14. Nh4 dxc5 15. Qxc5 Qxc5 16. Rxc5 Na6 17. Rcc1 Rad8 18. e4 b6 19. Nhf3 Rfe8 20. Rfe1 Bb5 21. Bf1 Bxf1 22. Kxf1 Nc5 23. Rc3 Re7 24. h3 Kf8 25. Rce3 Ne8 26. Nc4 f6 27. Kg2 Ra8 28. Nh4 g6 29. f4 b5 30. Nd2 Nd6 31. Rc3 Nb3 32. Nxb3 axb3 33. fxe5 fxe5 34. Rxb3 Ra4 35. Nf3 Rc4 36. Re2 h6 37. Rb4 Rxb4 38. axb4 Re8 39. b3 Kg7 40. Rc2 Re7 41. Nd2 Rf7 42. Ra2 Kh7 43. Ra7 Kg7 44. Ra1 Kf8 45. Re1 Rd7 46. Nf3 Re7 47. Kf2 Kg7 48. Ke3 g5 49. Ra1 Kg6 50. Ra7 Kh5 51. g4+ Kg6 52. Ne1 h5 53. Nd3 hxg4 54. hxg4 Kf6 55. Ra1 Re8 56. Rf1+ Kg6 57. Rc1 Re7 58. Rc2 Kf6 59. Rh2 Kg6 60. Rh1 Nf7 61. Kf3 Nd6 62. Rh8 Kg7 63. Rh5 Kg6 64. Ke3 Ne8 65. Rh8 Kg7 66. Rh5 1/2-1/2